|
|
|
|
| LEADER |
00000nab#a22000007a#4500 |
| 001 |
arbauad037204 |
| 003 |
AR-BaUAD |
| 005 |
20250711112928.0 |
| 008 |
990615|||||||||###||||||b###|0###a|spa|| |
| 040 |
|
|
|a AR-BaUAD
|c AR-BaUAD
|b spa
|
| 100 |
|
|
|a Deneroff, Harvey
|
| 245 |
|
|
|a To what degree :
|b how much education is needed for a career in animation /
|c Harvey Deneroff;
|
| 653 |
|
|
|a ANIMACION
|
| 653 |
|
|
|a EDUCACION
|
| 653 |
|
|
|a ENSEÑANZA
|
| 653 |
|
|
|a TRABAJO
|
| 773 |
0 |
|
|t ANIMATION MAGAZINE
|g no. 78 [mayo 1999], p. 35-36
|
| 942 |
|
|
|c ARTI
|
| 952 |
|
|
|0 0
|1 0
|4 0
|7 0
|9 82123
|a AR-BAuAD
|b AR-BAuAD
|d 2025-07-11
|l 0
|p AAQA037204
|r 2025-07-11 11:29:28
|w 2025-07-11
|y ARTI
|
| 990 |
|
|
|a C199
|b TD
|
| 998 |
|
|
|a AAQ
|b BIBUN76
|
| 999 |
|
|
|c 61796
|d 61796
|